000 00802cam a22002052 4500
001 0000024996
005 20151217161558.0
008 140410s xx 000 0 eng d
040 _aKABU
_cKABU
100 1 _aMuia, Peter Mathendu.
_@0000182835
245 1 4 _aThe effect of reverse logistics in enhancing efficiency in the retail industry in Nakuru Town :
_ba case study of the Tuskys Supermarket-MidTown branch /
_cPeter Mathendu Muia.
250 _a1st ed.
260 _aNakuru :
_bKabarak University,
_c2012.
300 _axiii, 74 leaves.
502 _aThesis (MBA) - Kabarak University, 2012.
610 2 0 _aTuskys Supermarket-MidTown Branch,
_xManagement.
_zNakuru (Kenya)
_@0000185356
908 _a140410
950 _@1
999 _c15413
_d15413